000 00334nam a2200145Ia 4500
008 150201s1999 xx 000 0 und d
082 _a646.33
_bN99H
100 _aHUGGINS, KATHLEEN
245 _aTHE NURSING MOTHER'S COMPANION
250 _a4TH
260 _bHARVERD
_c1999
300 _a284
650 _aNURSING
942 _2ddc
_cBK
999 _c2261
_d2261